000 00553nam a2200229Ia 4500
005 20250425162829.0
008 250425s9999 xx 000 0 und d
020 _a9509103233
041 _aspa
044 _aag
082 _a340.03
_pOME
110 _aOMEBA
245 0 _aEnciclopedia jurírica OMEBA: A (tomo I)
_c/ OMEBA
250 _as.e
260 _aBuenos Aires
_b: Driskill
_c,1986
300 _a1016 páginas
650 _aDerecho
650 _aDiccionarios
650 _aEnciclopedia jurídica
942 _c01
010 _a110780
999 _c237304
_d237304